|
|
|
|
| LEADER |
01006nam a2200277 a 4500 |
| 001 |
00015871 |
| 008 |
120125s1993 nyu 000 0 eng d |
| 020 |
|
|
|a 1853260517
|
| 040 |
|
|
|a DLC
|c DLC
|d DLC
|d BD-DhAAL
|
| 082 |
0 |
0 |
|a 823
|2 22
|
| 100 |
1 |
|
|a Jerome, Jerome K.
|q (Jerome Klapka),
|d 1859-1927.
|
| 245 |
1 |
0 |
|a Three men in a boat :
|b to say nothing of the dog /
|c Jerome K. Jerome.
|
| 260 |
|
|
|a Hertfordshire, N.Y. :
|b Wordsworth,
|c 1993
|
| 300 |
|
|
|a 150 p. ;
|c 20 cm.
|
| 490 |
1 |
|
|a Wordsworth classics.
|
| 541 |
1 |
|
|e 00015871
|
| 650 |
|
0 |
|a Male friendship
|v Fiction.
|
| 650 |
|
0 |
|a Boats and boating
|v Fiction.
|
| 651 |
|
0 |
|a Thames River (England)
|v Fiction.
|
| 651 |
|
0 |
|a Black Forest (Germany)
|v Fiction.
|
| 655 |
|
7 |
|a Adventure fiction.
|2 gsafd
|
| 655 |
|
7 |
|a Humorous fiction.
|2 gsafd
|
| 852 |
1 |
|
|a Ayesha Abed Library
|j General shelf
|
| 942 |
0 |
0 |
|0 1
|
| 999 |
|
|
|c 11819
|d 11819
|
| 952 |
|
|
|0 0
|1 0
|4 0
|6 823_JER
|7 0
|9 19272
|a BRACUL
|b BRACUL
|c GEN
|d 2012-01-25
|l 12
|m 55
|o 823 JER
|p 3010015871
|r 2022-05-31
|s 2022-04-04
|t 1
|w 2012-01-25
|y BK
|